| 000 | 00597cam a2200193 a 4500 | ||
|---|---|---|---|
| 020 | _a0471598224 (cloth : acidfree paper) | ||
| 020 | _a0471598232 (pbk. : acidfree paper) | ||
| 040 | _cDLC | ||
| 082 | 0 | 0 | _a650 WIL 1994 |
| 100 | 1 | _aKennedy, Joyce Lain. | |
| 245 | 1 | 0 |
_aElectronic resume revolution : _bcreate a winning resume for the new world of job seeking / |
| 260 |
_aNew York : _bJ. Wiley, _cc1994. |
||
| 300 |
_axvii, 233 p. ; _c26 cm. |
||
| 500 | _aIncludes index. | ||
| 650 | 0 | _aResumés (Employment) | |
| 650 | 0 | _aResumés (Employment) | |
| 700 | 1 | _aMorrow, Thomas J. | |
| 942 | _cEK | ||
| 999 |
_c11263 _d11263 |
||